000 02795cas a2200649 a 4500
999 _c478679
_d478679
001 11156993
003 NUST
005 20180703111813.0
008 750817d19571999ch qr p 0 a0eng c
010 _a 64044247
016 7 _a100967096
_2DNLM
016 _a(AMICUS)000000716278
022 _a0009-4544
_l0009-4544
035 _a(OCoLC)ocm01554354
038 _a0
040 _aMUL
_beng
_cMUL
_dOCL
_dUCU
_dCOO
_dYUS
_dIUL
_dNYG
_dHUL
_dDLC
_dNST
_dDLC
_dOCL
_dAIP
_dNST
_dDLC
_dIUL
_dWAU
_dSYS
_dIUL
_dNLM
_dOCLCQ
_dDLC
_dOCLCQ
_dIUL
_dOCLCF
_dOCLCQ
_dNLC
_dAVA
_dOCLCQ
_dGILDS
_dOCLCO
041 0 _aeng
_achi
042 _apcc
043 _aa-cc---
050 0 0 _aDS701
_b.C647
066 _c$1
082 0 4 _a915.1
_bC538
100 _4Yu Dong
222 0 _aChinese culture
245 0 0 _aChinese culture.
246 1 3 _6880-01
_aZhongguo wen hua ji kan
_f1999
260 _a[Taipei, Taiwan] :
_bChinese Cultural Research Institute,
_c[-1999]
300 _a146p
_billustrations ;
_c19 cm
310 _aQuarterly
336 _atext
_btxt
_2rdacontent
337 _aunmediated
_bn
_2rdamedia
338 _avolume
_bnc
_2rdacarrier
362 0 _aVol. 1, no. 1 (July 1957)-v. 40, no. 2 (June 1999).
530 _aAlso issued online.
546 _aChinese and English.
550 _aVols. for July 1957-Apr. 1958 published by the Chinese Cultural Research Institute; Mar. 1959-June 1962 published by the Institute of Chinese Culture; Oct. 1962- published under the auspices of the Institute for Advanced Chinese Studies, Chinese Cultural College; <Mar. 1974>-June 1999 published under the auspices of the Institute for Advanced Chinese Studies, China Academy.
555 _aVols. 1 (1957)-v. 13 (1972), in v. 13.
590 _aSERBIB/SERLOC merged record
650 7 _aStudy skills.
_2fast
_0(OCoLC)fst01136216
_911413
651 0 _aChina
_xStudy and teaching
_vPeriodicals.
_911414
651 7 _aChina.
_2fast
_0(OCoLC)fst01206073
_911415
655 7 _aPeriodicals.
_2fast
_0(OCoLC)fst01411641
_92739
655 7 _aPeriodicals
_zChina
_y1957-9999.
_2aat
_911416
655 7 _aPeriodicals.
_2lcgft
_92739
710 2 _aZhongguo wen hua yan jiu suo.
_911417
710 2 _aZhongguo wen hua xue yuan.
_bInstitute for Advanced Chinese Studies.
_911418
710 2 _aInstitute for Advanced Chinese Studies (Zhonghua xue shu yuan)
_911419
776 0 8 _iOnline version:
_tChinese culture
_w(OCoLC)564699882
880 1 3 _6246-01/$1
_a中國文化集刊
_fMar. 1959-
906 _a7
_bcbc
_cserials
_d2
_encip
_f19
_gn-oclcserc
942 _2ddc
_cBK